000 00874nam a2200265 i 4500
001 bg
100 1 _aKOZŁOWSKA, Jadwiga
245 1 0 _aPodatkowa księga przychodów i rozchodów w 1997 roku /
_cJadwiga Kozłowska, Halina Napiórkowska, Edward Radzewicz.
250 _a[Wyd. 3 zaktualiz.].
260 _aWarszawa :
_b"Difin",
_c1997
_e(Otwock).
300 _a300, [1] s., [1] k. tabl. złoż. ;
_c21 cm.
490 1 _aVademecum Podatnika,
_x0867-7891 ;
_v82
650 9 _aKsięgi podatkowe
_xprawo
_zPolska
_ystan na 1997 r.
655 _aPoradniki
700 1 _aNAPIÓRKOWSKA, Halina
700 1 _aRADZEWICZ, Edward
830 _aVademecum Podatnika,
_x0867-7891 ;
020 _a8387173053
040 _cBPK
041 0 _apl
080 _a342.951:351.72:336.2:657](438)
920 _a83-87173-05-3
942 _cKS
008 s pl f |000 0 pol
999 _c32306
_d32306
856 _uhttp://koha.tu.koszalin.pl/cgi-bin/koha/opac-detail.pl?biblionumber=32306
_yKatalog online BPK